Ordnance Survey launches LandPlan Data for desktop delivery (Record no. 75969)
[ view plain ]
| 000 -LEADER | |
|---|---|
| fixed length control field | 00970cab a2200181 4500 |
| 001 - CONTROL NUMBER | |
| control field | ##L131146 |
| 008 - FIXED-LENGTH DATA ELEMENTS--GENERAL INFORMATION | |
| fixed length control field | 051004n2005 000 0 eng u |
| 035 ## - SYSTEM CONTROL NUMBER | |
| System control number | (Sirsi) u131146 |
| 041 0# - LANGUAGE CODE | |
| Language code of text/sound track or separate title | eng |
| 110 1# - MAIN ENTRY--CORPORATE NAME | |
| Corporate name or jurisdiction name as entry element | Ordnance Survey |
| 9 (RLIN) | 1860 |
| 245 00 - TITLE STATEMENT | |
| Title | Ordnance Survey launches LandPlan Data for desktop delivery |
| 260 ## - PUBLICATION, DISTRIBUTION, ETC. | |
| Date of publication, distribution, etc. | 2005 |
| 490 #0 - SERIES STATEMENT | |
| Series statement | Ordnance Survey News Release |
| Volume/sequential designation | 28 September 2005 (2) |
| 520 ## - SUMMARY, ETC. | |
| Summary, etc. | Ordnance Survey's (OS) new desktop data product, Landplan Data, is ideal for property professionals. It enables detailed analysis of project sites from 1 km sq to 25km sq anywhere in Great Britain based on up-to-date survey information. It is the largest scale of OS raster data to show contours. Landplan Data is delivered by email from a seamless database, so users can choose precisely where they want their extract centred. |
| 590 ## - LOCAL NOTE (RLIN) | |
| Local note | IKA111005 |
| 690 ## - LOCAL SUBJECT ADDED ENTRY--TOPICAL TERM (OCLC, RLIN) | |
| Topical term or geographic name as entry element | ENVIRONMENTAL AND LAND CONSULTANCY-GEOMATICS-MAPPING AND POSITIONING-CARTOGRAPHY |
| 942 ## - ADDED ENTRY ELEMENTS (KOHA) | |
| Suppress in OPAC | 0 |
| Withdrawn status | Lost status | Source of classification or shelving scheme | Damaged status | Not for loan | Home library | Current library | Shelving location | Date acquired | Total Checkouts | Full call number | Barcode | Date last seen | Copy number | Price effective from | Koha item type |
|---|---|---|---|---|---|---|---|---|---|---|---|---|---|---|---|
| Dewey Decimal Classification | Virtual | Virtual | Online | 04/10/2005 | ONLINE PUBLICATION | 131146-2001 | 06/08/2019 | 1 | 06/08/2019 | Journal article |